La construcción del derecho : métodos y técnicas de investigación /
Guía para la realización de investigaciones en el campo del derecho de manera creativa, destacando la importancia de la capacidad innata de quien la realiza para razonar e intuir problemas y sus soluciones, o bien, para seleccionar sus temas y explicarlos de manera clara, precisa y crítica. Por lo t...
Guardado en:
| Autor principal: | |
|---|---|
| Formato: | Libro |
| Idioma: | Español |
| Publicado: |
México :
UNAM, Instituto de Investigaciones Jurídicas,
2006, c2006
|
| Edición: | 2a edición |
| Colección: | (Instituto de Investigaciones Jurídicas Serie J. Enseñanza del Derecho y Material Didáctico ;
18) |
| Temas: | |
| Etiquetas: |
Sin etiquetas, Sé el primero en etiquetar este registro!
|
MARC
| LEADER | 00000nam^a2200000^a^4500 | ||
|---|---|---|---|
| 001 | 000189580 | ||
| 005 | 20250521000000.0 | ||
| 009 | 20260310102418.834 | ||
| 020 | |a 970-32-2839-9 | ||
| 037 | |a Acervo ITESO - Biblioteca | ||
| 041 | |a ESP | ||
| 082 | |a 340. 1 |b GON | ||
| 100 | |a González Galván, Jorge Alberto |e (autor) | ||
| 245 | 1 | 3 | |a La construcción del derecho : |b métodos y técnicas de investigación / |c J.A. González Galván. |
| 250 | |a 2a edición | ||
| 264 | 4 | |a México : |b UNAM, Instituto de Investigaciones Jurídicas, |c 2006, c2006 | |
| 300 | |a XXI, 246 p. | ||
| 336 | |a texto |b txt |2 rdacontenido | ||
| 337 | |a sin mediación |b n |2 rdamedio | ||
| 338 | |a volumen |b nc |2 rdasoporte | ||
| 440 | 1 | |a (Instituto de Investigaciones Jurídicas Serie J. |p Enseñanza del Derecho y Material Didáctico ; |v 18) | |
| 520 | |a Guía para la realización de investigaciones en el campo del derecho de manera creativa, destacando la importancia de la capacidad innata de quien la realiza para razonar e intuir problemas y sus soluciones, o bien, para seleccionar sus temas y explicarlos de manera clara, precisa y crítica. Por lo tanto, se sostiene que el profesional del derecho debe formarse tanto en la metodología documental como en la empírica. | ||
| 649 | |a XX | ||
| 650 | |a Inteligencia Emocional | ||
| 650 | |a Sociología del Derecho | ||
| 650 | |a Investigación Documental - |x Metodología | ||
| 650 | |a Metodología Empírica | ||
| 650 | |a Derecho - |x Metodología - |x Tema Principal | ||
| 650 | |a Investigación Jurídica - |x Metodología - |x Tema Principal | ||
| 650 | |a Investigación - |x Metodología | ||
| 650 | |a Derecho | ||
| 910 | |a Fondo General | ||
| 920 | |a Impresos - Libros | ||
| 930 | |a Colección General | ||
| 905 | |a 101 | ||
| 901 | |a 0500132583 |b IT1 |c ACC |u 20250521 | ||
| 902 | |a https://opac.biblio.iteso.mx/vufind/Record/000189580 | ||